Red Carpet from the 2017 Grammy Awards Quiz Stats

 Plays Quiz not verified by Sporcle

Challenge
Share
Tweet
Score 0/38 Timer 07:00
0 Plays Today
% Correct
Adele
96.2%
Rihanna
89.6%
Jennifer Lopez
82.5%
John Legend
71.7%
Katy Perry
70.8%
Demi Lovato
70.8%
Lady Gaga
69.3%
Nick Jonas
63.2%
Heidi Klum
62.7%
Carrie Underwood
62.3%
Keith Urban
59.4%
Kris Jenner
54.7%
Chrissy Teigen
48.1%
Solange
44.3%
Tim McGraw
41.5%
Lea Michele
40.1%
Celine Dion
39.2%
Chance the Rapper
38.7%
Faith Hill
38.7%
% Correct
Skrillex
37.7%
Paris Jackson
34%
Laverne Cox
33.5%
Jason Derulo
33%
Tori Kelly
31.1%
Katharine McPhee
23.1%
Margaret Cho
20.8%
Charli XCX
14.6%
Daya
12.3%
Steve Aoki
12.3%
Enya
9.9%
Camila Cabelo
8.5%
Kat Graham
7.1%
2 Chainz
6.6%
Maren Morris
6.6%
Skylar Grey
5.7%
Gary Clark Jr.
3.3%
Trace Lysette
0.9%
Anthony Hamilton
0.9%

You're not logged in!

Compare scores with friends on all Sporcle quizzes.
Join for Free
OR
Log In

You Might Also Like...

Show Comments

Extras

Curator's Pick Feb 14, 2017SourceReportNominate
Tags:Show Quiz, 2017, award, grammy, red

Top Quizzes Today


Score Distribution

Your Account Isn't Verified!

In order to create a playlist on Sporcle, you need to verify the email address you used during registration. Go to your Sporcle Settings to finish the process.

Report this User

Report this user for behavior that violates our Community Guidelines.

Details: